[Event "BIH-chT 21st"]
[Site "Sarajevo"]
[Date "2023.11.07"]
[Round "8.4"]
[White "Jovanovic, Zoran"]
[Black "Batinic, Predrag"]
[Result "1-0"]
[WhiteElo "2506"]
[BlackElo "2295"]
[PlyCount "78"]
[EventDate "2023.10.31"]
[EventType "team-tourn"]
[EventRounds "9"]
[EventCountry "BIH"]
[SourceTitle "Mega2024 Update 01"]
[Source "Chessbase"]
[SourceDate "2023.11.12"]
[SourceVersion "1"]
[SourceVersionDate "2023.11.12"]
[SourceQuality "1"]
[WhiteTeam "Sarajevo Bosna"]
[BlackTeam "Bihac"]
[WhiteTeamCountry "BIH"]
[BlackTeamCountry "BIH"]

1. e4 c6 2. Nf3 d5 3. Nc3 dxe4 4. Nxe4 Nf6 5. Qe2 Nxe4 6. Qxe4 Nd7 7. d4 Nf6 8. Qd3 Qa5+ 9. Bd2 Qb6 10. Qb3 Bf5 11. Bc4 e6 12. 0-0 Bd6 13. Rfe1 0-0 14. Bg5 Nd5 15. c3 Qc7 16. Bh4 b5 17. Bxd5 cxd5 18. Qxb5 Rab8 19. Qe2 Rb6 20. Bg3 Bxg3 21. hxg3 Rfb8 22. b3 Qxc3 23. Rac1 Qb4 24. Rc5 h6 25. Rec1 Rf8 26. Ne5 Rb7 27. Nc6 Qa3 28. Qd2 Qa6 29. b4 Kh7 30. Na5 Rb6 31. a4 Qd3 32. Qxd3 Bxd3 33. b5 a6 34. Rc6 Rxc6 35. bxc6 Rc8 36. f3 f6 37. Kf2 e5 38. Rc5 Kg6 39. Ke3 Bf5 1-0

[Event "BIH-chT 20th"]
[Site "Neum"]
[Date "2022.09.15"]
[Round "6.2"]
[White "Batinic, Predrag"]
[Black "Mrndjic, Muamer"]
[Result "1/2-1/2"]
[WhiteElo "2300"]
[BlackElo "2234"]
[PlyCount "54"]
[EventDate "2022.09.10"]
[EventType "team-tourn"]
[EventRounds "9"]
[EventCountry "BIH"]
[SourceTitle "CBM 210 Extra"]
[Source "ChessBase"]
[SourceDate "2022.11.30"]
[SourceVersion "1"]
[SourceVersionDate "2022.11.30"]
[SourceQuality "1"]
[WhiteTeam "Bihac"]
[BlackTeam "Konjic Igman"]
[WhiteTeamCountry "BIH"]
[BlackTeamCountry "BIH"]

1. Nf3 Nf6 2. g3 g6 3. b3 Bg7 4. Bb2 0-0 5. Bg2 d6 6. d4 Nbd7 7. 0-0 c6 8. c4 Re8 9. Nc3 Qc7 10. Re1 e5 11. e4 b6 12. Qd2 Bb7 13. Rad1 Rad8 14. h3 a6 15. Kh2 Nh5 16. Ba3 Bf8 17. dxe5 dxe5 18. Bd6 Bxd6 19. Qxd6 Qxd6 20. Rxd6 Kf8 21. Red1 Ke7 22. Ng5 Nhf6 23. f4 h6 24. Nf3 exf4 25. gxf4 Nc5 26. Rxd8 Rxd8 27. Rxd8 Kxd8 1/2-1/2

[Event "BIH-chT 20th"]
[Site "Neum"]
[Date "2022.09.10"]
[Round "1.4"]
[White "Batinic, Predrag"]
[Black "Galic, Zeljko"]
[Result "1-0"]
[WhiteElo "2300"]
[BlackElo "2280"]
[PlyCount "67"]
[EventDate "2022.09.10"]
[EventType "team-tourn"]
[EventRounds "9"]
[EventCountry "BIH"]
[SourceTitle "CBM 210 Extra"]
[Source "ChessBase"]
[SourceDate "2022.11.30"]
[SourceVersion "1"]
[SourceVersionDate "2022.11.30"]
[SourceQuality "1"]
[WhiteTeam "Bihac"]
[BlackTeam "Sarajevo Napredak"]
[WhiteTeamCountry "BIH"]
[BlackTeamCountry "BIH"]

1. Nf3 c5 2. g3 Nc6 3. Bg2 e5 4. d3 g6 5. b3 Bg7 6. Bb2 Nge7 7. e4 0-0 8. 0-0 d6 9. Nbd2 h6 10. c3 Be6 11. Nc4 f5 12. exf5 gxf5 13. Re1 Qd7 14. Qe2 Rad8 15. a4 Ng6 16. Rad1 d5 17. Ncd2 Qf7 18. Rf1 e4 19. Ne1 Nge5 20. c4 d4 21. Ba3 b6 22. dxe4 f4 23. Ndf3 Qh5 24. Bc1 fxg3 25. fxg3 Bg4 26. Bf4 Rf7 27. h3 Bxh3 28. Nxd4 Bg4 29. Ndf3 Nd4 30. Qe3 Ndxf3+ 31. Bxf3 Nxf3+ 32. Nxf3 Bxf3 33. Qxf3 Bd4+ 34. Rxd4 1-0

[Event "BIH-chT 19th"]
[Site "Neum"]
[Date "2021.09.20"]
[Round "4.5"]
[White "Jelcic, Marko"]
[Black "Batinic, Predrag"]
[Result "1-0"]
[WhiteElo "2182"]
[BlackElo "2294"]
[PlyCount "78"]
[EventDate "2021.09.17"]
[EventType "team-tourn"]
[EventRounds "9"]
[EventCountry "BIH"]
[SourceTitle "EXT 2023"]
[Source "ChessBase"]
[SourceDate "2022.10.05"]
[SourceVersion "1"]
[SourceVersionDate "2022.10.05"]
[SourceQuality "1"]
[WhiteTeam "Siroki Brijeg"]
[BlackTeam "Bihac"]
[WhiteTeamCountry "BIH"]
[BlackTeamCountry "BIH"]

1. e4 d6 2. d4 Nf6 3. Nc3 e5 4. Nf3 Nbd7 5. Bc4 Be7 6. 0-0 0-0 7. a4 a6 8. a5 exd4 9. Qxd4 Ne5 10. Nxe5 dxe5 11. Qxd8 Rxd8 12. Nd5 Nxd5 13. Bxd5 Bc5 14. Be3 Bxe3 15. fxe3 Rd7 16. Rad1 Kf8 17. Bxb7 Rxd1 18. Bxa8 Rd2 19. Bd5 f6 20. Rf2 Rd1+ 21. Rf1 Rd2 22. Rc1 g5 23. b4 f5 24. c4 f4 25. exf4 gxf4 26. b5 Rb2 27. Bc6 Ke7 28. Rc3 h5 29. h4 axb5 30. cxb5 Bd7 31. Bxd7 Kxd7 32. Rc5 Kd6 33. Rd5+ Ke6 34. a6 Ra2 35. Rc5 Kd6 36. Rc6+ Kd7 37. Rh6 Ra5 38. Rh8 Kd6 39. Re8 c6 1-0

[Event "BIH-chT 17th"]
[Site "Jahorina"]
[Date "2018.06.10"]
[Round "9.2"]
[White "Savanovic, Aleksandar"]
[Black "Batinic, Predrag"]
[Result "1/2-1/2"]
[WhiteElo "2450"]
[BlackElo "2307"]
[PlyCount "77"]
[EventDate "2018.06.02"]
[EventType "team-tourn"]
[EventRounds "9"]
[EventCountry "BIH"]
[SourceTitle "CBM 184 Extra"]
[Source "ChessBase"]
[SourceDate "2018.06.28"]
[SourceVersion "1"]
[SourceVersionDate "2018.06.28"]
[SourceQuality "1"]
[WhiteTeam "Busovaca Hrasno"]
[BlackTeam "Gacko Mladost"]
[WhiteTeamCountry "BIH"]
[BlackTeamCountry "BIH"]

1. e4 d6 2. d4 Nf6 3. Nc3 e5 4. Nf3 Nbd7 5. Bc4 Be7 6. 0-0 0-0 7. Re1 c6 8. a4 b6 9. d5 Bb7 10. dxc6 Bxc6 11. Bg5 h6 12. Bxf6 Nxf6 13. Nd5 Rc8 14. Nxf6+ Bxf6 15. c3 Qd7 16. Bb3 g6 17. Qc2 Be7 18. Red1 Qg4 19. Bd5 Bxd5 20. Rxd5 f5 21. Nd2 Qe2 22. Qd1 Qxd1+ 23. Rxd1 Kf7 24. c4 Ke6 25. b3 Rc5 26. exf5+ gxf5 27. Nb1 a6 28. Nc3 Rb8 29. g3 Rxd5 30. Rxd5 Bg5 31. Rd1 Bd8 32. Rd3 e4 33. Rd5 Bf6 34. Ne2 Be5 35. f4 Bf6 36. Kf2 h5 37. h3 b5 38. axb5 axb5 39. g4 1/2-1/2

[Event "BIH-chT 17th"]
[Site "Jahorina"]
[Date "2018.06.04"]
[Round "3.5"]
[White "Hadzovic, Amir"]
[Black "Batinic, Predrag"]
[Result "1-0"]
[WhiteElo "2281"]
[BlackElo "2307"]
[PlyCount "77"]
[EventDate "2018.06.02"]
[EventType "team-tourn"]
[EventRounds "9"]
[EventCountry "BIH"]
[SourceTitle "CBM 184 Extra"]
[Source "ChessBase"]
[SourceDate "2018.06.28"]
[SourceVersion "1"]
[SourceVersionDate "2018.06.28"]
[SourceQuality "1"]
[WhiteTeam "Zenica Celik"]
[BlackTeam "Gacko Mladost"]
[WhiteTeamCountry "BIH"]
[BlackTeamCountry "BIH"]

1. e4 d6 2. Nc3 Nf6 3. f4 c5 4. Nf3 Nc6 5. Bb5 g6 6. d3 Bg7 7. 0-0 0-0 8. Bxc6 bxc6 9. Qe1 Ne8 10. f5 e6 11. fxg6 fxg6 12. Bg5 Qb6 13. Rb1 c4+ 14. Be3 c5 15. dxc4 Qb4 16. Qh4 Qxc4 17. Nd2 Qb4 18. Rxf8+ Bxf8 19. Rf1 Qb7 20. e5 d5 21. Qf2 Qe7 22. Nb3 d4 23. Bg5 Qg7 24. Ne4 Ba6 25. Re1 Rc8 26. Nbd2 Rc7 27. Bf6 Qd7 28. b3 Qd5 29. Nf3 Bh6 30. Nfg5 c4 31. bxc4 Bxc4 32. Rb1 Bb5 33. h4 Bf8 34. Nxe6 Qxe4 35. Nxc7 Nxc7 36. Bd8 Bh6 37. Kh1 Be3 38. Qf3 Qxh4+ 39. Bxh4 1-0

[Event "BIH-chT 16th"]
[Site "Sarajevo"]
[Date "2017.08.29"]
[Round "7.5"]
[White "Zacinovic, Alija"]
[Black "Batinic, Predrag"]
[Result "0-1"]
[WhiteElo "2215"]
[BlackElo "2294"]
[PlyCount "80"]
[EventDate "2017.08.24"]
[EventType "team-tourn"]
[EventRounds "9"]
[EventCountry "BIH"]
[SourceTitle "CBM 180 Extra"]
[Source "ChessBase"]
[SourceDate "2017.10.06"]
[SourceVersion "1"]
[SourceVersionDate "2017.10.06"]
[SourceQuality "1"]
[WhiteTeam "Konjic"]
[BlackTeam "Busovaca Hrasno"]
[WhiteTeamCountry "BIH"]
[BlackTeamCountry "BIH"]

1. e4 d6 2. d4 Nf6 3. Nc3 e5 4. Nf3 Nbd7 5. Be2 Be7 6. 0-0 0-0 7. h3 c6 8. Be3 b5 9. a3 a6 10. Nd2 exd4 11. Bxd4 c5 12. Be3 Bb7 13. Bd3 c4 14. Be2 d5 15. exd5 Nb6 16. Bxb6 Qxb6 17. Bf3 Rad8 18. Nde4 Nxd5 19. Nxd5 Bxd5 20. Nc3 Be6 21. Qe2 Bf6 22. Rad1 Bxc3 23. bxc3 Rd6 24. Rxd6 Qxd6 25. Ra1 g6 26. Qe3 Bf5 27. a4 Bxc2 28. axb5 axb5 29. Ra7 Rb8 30. Re7 Kf8 31. Re5 Kg7 32. Bd5 b4 33. cxb4 Rxb4 34. f4 Bd3 35. Kh2 c3 36. Qxd3 Rxf4 37. Qxc3 Rf5 38. Bf3 Qxe5+ 39. Qxe5+ Rxe5 40. Kg3 f5 0-1

[Event "BIH-chT 16th"]
[Site "Sarajevo"]
[Date "2017.08.28"]
[Round "6.1"]
[White "Batinic, Predrag"]
[Black "Mitrovic, Jovica"]
[Result "1-0"]
[WhiteElo "2294"]
[BlackElo "2177"]
[PlyCount "121"]
[EventDate "2017.08.24"]
[EventType "team-tourn"]
[EventRounds "9"]
[EventCountry "BIH"]
[SourceTitle "CBM 180 Extra"]
[Source "ChessBase"]
[SourceDate "2017.10.06"]
[SourceVersion "1"]
[SourceVersionDate "2017.10.06"]
[SourceQuality "1"]
[WhiteTeam "Busovaca Hrasno"]
[BlackTeam "Bratunac"]
[WhiteTeamCountry "BIH"]
[BlackTeamCountry "BIH"]

1. Nf3 Nf6 2. g3 d5 3. Bg2 e6 4. 0-0 Be7 5. d4 c6 6. c4 0-0 7. Qc2 Ne4 8. Nc3 f5 9. b3 Nd7 10. e3 Bf6 11. Bb2 Re8 12. Ne2 g5 13. Ne1 Nf8 14. f3 Nd6 15. Nd3 Ng6 16. e4 dxe4 17. fxe4 fxe4 18. Ne5 Nf7 19. Qxe4 Bxe5 20. dxe5 Qe7 21. Nc3 Bd7 22. Rae1 Rf8 23. Qg4 Nh6 24. Qh5 Nf7 25. Re3 Nfxe5 26. Rfe1 Nf7 27. Be4 Nfe5 28. Bxg6 Nxg6 29. Ne4 Rf5 30. g4 Rf4 31. Nxg5 Raf8 32. Nh3 Rf3 33. Rxf3 Rxf3 34. Ng5 Rf4 35. Ne4 Qh4 36. Qxh4 Nxh4 37. Kh1 Be8 38. Be5 Nf3 39. Bxf4 Nxe1 40. Nf6+ Kf7 41. Nxh7 Nd3 42. Be3 c5 43. h4 Bc6+ 44. Kh2 b5 45. cxb5 Bxb5 46. Ng5+ Ke7 47. Ne4 c4 48. Bxa7 Bc6 49. Nc3 cxb3 50. axb3 e5 51. b4 Ke6 52. b5 Be8 53. Be3 Ne1 54. b6 Bc6 55. h5 Nc2 56. Bc5 e4 57. Kg3 e3 58. Kf4 Ne1 59. Kxe3 Ng2+ 60. Kf2 Nf4 61. Kg3 1-0

[Event "BIH-chT 16th"]
[Site "Sarajevo"]
[Date "2017.08.27"]
[Round "4.2"]
[White "Pisarevic, Goran"]
[Black "Batinic, Predrag"]
[Result "0-1"]
[WhiteElo "2165"]
[BlackElo "2294"]
[PlyCount "138"]
[EventDate "2017.08.24"]
[EventType "team-tourn"]
[EventRounds "9"]
[EventCountry "BIH"]
[SourceTitle "CBM 180 Extra"]
[Source "ChessBase"]
[SourceDate "2017.10.06"]
[SourceVersion "1"]
[SourceVersionDate "2017.10.06"]
[SourceQuality "1"]
[WhiteTeam "Samac"]
[BlackTeam "Busovaca Hrasno"]
[WhiteTeamCountry "BIH"]
[BlackTeamCountry "BIH"]

1. e4 d6 2. d4 Nf6 3. Nc3 e5 4. Nf3 Nbd7 5. Bc4 Be7 6. 0-0 0-0 7. Re1 c6 8. a4 b6 9. Ba2 a6 10. Bg5 Bb7 11. Qd3 b5 12. Bxf6 Bxf6 13. axb5 axb5 14. d5 Nc5 15. Qe3 cxd5 16. Nxd5 Ra4 17. b4 Bxd5 18. Bxd5 Rxb4 19. Ra8 Qe7 20. Rea1 Ra4 21. Rxf8+ Kxf8 22. Rb1 Qd7 23. h3 h6 24. Qe2 Ra5 25. Ne1 Ne6 26. Nd3 Bd8 27. Qg4 Bb6 28. Nb4 Bd4 29. Qd1 Qc7 30. Nc6 Ra6 31. Bxe6 Rxc6 32. Bb3 d5 33. Qe2 Rf6 34. Rf1 dxe4 35. Qxe4 g6 36. Qe2 Qc5 37. Ba2 Kg7 38. Bb1 h5 39. Ba2 h4 40. Bb3 Rf4 41. Ba2 g5 42. Bb3 Kh6 43. c4 bxc4 44. Bd1 Kg7 45. Bc2 f5 46. Qh5 Bxf2+ 47. Kh1 Qe7 48. Qe2 Bc5 49. Bxf5 Qf6 50. Rxf4 exf4 51. Bc2 Qa1+ 52. Bd1 Qd4 53. Qe1 Qe3 54. Qf1 Qf2 55. Qxf2 Bxf2 56. g4 hxg3 57. Kg2 Kf6 58. Kf3 Ke5 59. Bc2 Kd4 60. Bf5 Kc3 61. Be4 Kd2 62. h4 gxh4 63. Kxf4 c3 64. Kf3 c2 65. Bxc2 Kxc2 66. Kg2 Kd2 67. Kh3 Bb6 68. Kg2 Ke3 69. Kh1 h3 0-1

[Event "BIH-chT 16th"]
[Site "Sarajevo"]
[Date "2017.08.25"]
[Round "2.3"]
[White "Mikulic, Mladen"]
[Black "Batinic, Predrag"]
[Result "1/2-1/2"]
[WhiteElo "1909"]
[BlackElo "2294"]
[PlyCount "84"]
[EventDate "2017.08.24"]
[EventType "team-tourn"]
[EventRounds "9"]
[EventCountry "BIH"]
[SourceTitle "CBM 180 Extra"]
[Source "ChessBase"]
[SourceDate "2017.10.06"]
[SourceVersion "1"]
[SourceVersionDate "2017.10.06"]
[SourceQuality "1"]
[WhiteTeam "Siroki Brijeg"]
[BlackTeam "Busovaca Hrasno"]
[WhiteTeamCountry "BIH"]
[BlackTeamCountry "BIH"]

1. e4 d6 2. d4 Nf6 3. Nc3 e5 4. dxe5 dxe5 5. Qxd8+ Kxd8 6. Bc4 Ke8 7. Nf3 Bd6 8. Bg5 c6 9. Rd1 Bc7 10. h3 b5 11. Bxf6 bxc4 12. Bxe5 Bxe5 13. Nxe5 Be6 14. f4 f6 15. Nf3 Na6 16. a3 Rb8 17. Nd4 Bd7 18. e5 fxe5 19. fxe5 Nc5 20. Rb1 Ke7 21. 0-0 Rb6 22. b4 cxb3 23. Nxb3 Nxb3 24. cxb3 a5 25. b4 axb4 26. axb4 Rhb8 27. b5 Ke6 28. bxc6 Rxb1 29. Rxb1 Rxb1+ 30. Nxb1 Bxc6 31. Nc3 Kxe5 32. Kf2 g6 33. h4 Kd4 34. Ne2+ Kd3 35. g3 Ke4 36. Nf4 Kf5 37. Ne2 Bd5 38. Nf4 Bc4 39. Ng2 Be6 40. Nf4 Bd7 41. Nh3 h5 42. Nf4 g5 1/2-1/2

[Event "BIH-chT 16th"]
[Site "Sarajevo"]
[Date "2017.08.24"]
[Round "1.3"]
[White "Batinic, Predrag"]
[Black "Drasko, Milan"]
[Result "1/2-1/2"]
[WhiteElo "2294"]
[BlackElo "2449"]
[PlyCount "31"]
[EventDate "2017.08.24"]
[EventType "team-tourn"]
[EventRounds "9"]
[EventCountry "BIH"]
[SourceTitle "CBM 180 Extra"]
[Source "ChessBase"]
[SourceDate "2017.10.06"]
[SourceVersion "1"]
[SourceVersionDate "2017.10.06"]
[SourceQuality "1"]
[WhiteTeam "Busovaca Hrasno"]
[BlackTeam "Sarajevo Bosna"]
[WhiteTeamCountry "BIH"]
[BlackTeamCountry "BIH"]

1. Nf3 Nf6 2. g3 d5 3. Bg2 c6 4. d3 Bg4 5. 0-0 Nbd7 6. c4 dxc4 7. dxc4 e5 8. Nc3 Qc7 9. Qc2 Bc5 10. a3 a5 11. Rb1 0-0 12. b4 axb4 13. axb4 Be7 14. c5 Rfe8 15. Rd1 Nf8 16. Ne4 1/2-1/2

[Event "BIH-chT1"]
[Site "Dvorovi"]
[Date "2016.08.14"]
[Round "9"]
[White "Batinic, Predrag"]
[Black "Djuric, Zoran"]
[Result "1/2-1/2"]
[WhiteElo "2326"]
[BlackElo "2228"]
[PlyCount "56"]
[EventDate "2016.08.06"]
[EventType "team-tourn"]
[EventRounds "9"]
[EventCountry "BIH"]
[SourceTitle "CBM 174 Extra"]
[Source "ChessBase"]
[SourceDate "2016.10.10"]
[SourceVersion "1"]
[SourceVersionDate "2016.10.10"]
[SourceQuality "1"]

1. Nf3 d5 2. g3 Nf6 3. Bg2 g6 4. 0-0 Bg7 5. c4 c6 6. cxd5 cxd5 7. d4 Nc6 8. Ne5 Ng4 9. Nxc6 bxc6 10. e4 h5 11. Nc3 dxe4 12. Bxe4 0-0 13. Bxc6 Ba6 14. Bxa8 Qxa8 15. h3 Nf6 16. Re1 e6 17. Bg5 Bb7 18. Kh2 Rd8 19. Be3 e5 20. d5 Nxd5 21. Nxd5 Bxd5 22. Qa4 Be6 23. Red1 Rc8 24. Rd6 Qf3 25. Rxe6 fxe6 26. Qxa7 Rc2 27. Qb8+ Kh7 28. Qb3 Rc7 1/2-1/2

[Event "BIH-chT1"]
[Site "Dvorovi"]
[Date "2016.08.08"]
[Round "3"]
[White "Batinic, Predrag"]
[Black "Pastar, Slaven"]
[Result "0-1"]
[WhiteElo "2326"]
[BlackElo "2238"]
[PlyCount "85"]
[EventDate "2016.08.06"]
[EventType "team-tourn"]
[EventRounds "9"]
[EventCountry "BIH"]
[SourceTitle "CBM 174 Extra"]
[Source "ChessBase"]
[SourceDate "2016.10.10"]
[SourceVersion "1"]
[SourceVersionDate "2016.10.10"]
[SourceQuality "1"]

1. Nf3 b6 2. g3 Bb7 3. Bg2 e6 4. 0-0 f5 5. d3 Nf6 6. c4 Be7 7. b3 0-0 8. Bb2 a5 9. Nc3 Qe8 10. e4 fxe4 11. Ng5 Na6 12. dxe4 Nc5 13. f3 Ng4 14. Qd2 Qh5 15. Nh3 Ne5 16. Nf4 Qh6 17. Rad1 Bg5 18. Qc2 Bxf4 19. gxf4 Qxf4 20. Bc1 Qh4 21. Be3 Rf7 22. Bf2 Qh5 23. Qe2 Nxf3+ 24. Bxf3 Rxf3 25. Bd4 Qg6+ 26. Qg2 Rxf1+ 27. Rxf1 Qxg2+ 28. Kxg2 Nxe4 29. Nxe4 Bxe4+ 30. Kg3 Rf8 31. Rxf8+ Kxf8 32. c5 bxc5 33. Bxc5+ d6 34. Bd4 Bb1 35. a3 Bc2 36. b4 axb4 37. axb4 e5 38. Bg1 c6 39. Be3 Ke7 40. Kf3 Ke6 41. Bg5 Kf5 42. Bd2 e4+ 43. Ke2 0-1

[Event "BIH-chT 14th"]
[Site "Prijedor"]
[Date "2015.09.12"]
[Round "8.3"]
[White "Galic, Ivan"]
[Black "Batinic, Predrag"]
[Result "0-1"]
[WhiteElo "2382"]
[BlackElo "2309"]
[PlyCount "62"]
[EventDate "2015.09.05"]
[EventType "team-tourn"]
[EventRounds "9"]
[EventCountry "BIH"]
[SourceTitle "EXT 2016"]
[Source "ChessBase"]
[SourceDate "2015.10.08"]
[SourceVersion "1"]
[SourceVersionDate "2015.10.08"]
[SourceQuality "1"]
[WhiteTeam "Siroki Brijeg"]
[BlackTeam "Sokolac Glasinac"]
[WhiteTeamCountry "BIH"]
[BlackTeamCountry "BIH"]

1. e4 d6 2. d4 Nf6 3. Nc3 e5 4. dxe5 dxe5 5. Qxd8+ Kxd8 6. Bg5 Be6 7. g3 Nbd7 8. f4 h6 9. Bxf6+ Nxf6 10. Nf3 exf4 11. gxf4 g6 12. 0-0-0+ Kc8 13. f5 gxf5 14. exf5 Bxf5 15. Ne5 Bc5 16. Nxf7 Rf8 17. Bc4 Ng4 18. Rhf1 Bd7 19. Ne4 Be7 20. Rf3 b5 21. Bd5 c6 22. Bb3 a5 23. Rfd3 Bf5 24. Ned6+ Bxd6 25. Rxd6 Kc7 26. Nxh6 a4 27. Rxc6+ Kxc6 28. Bd5+ Kb6 29. Nxf5 Rad8 30. Be4 Rxd1+ 31. Kxd1 Nf2+ 0-1

[Event "BIH-chT 14th"]
[Site "Prijedor"]
[Date "2015.09.11"]
[Round "7.3"]
[White "Batinic, Predrag"]
[Black "Burovic, Rijad"]
[Result "1-0"]
[WhiteElo "2309"]
[BlackElo "2361"]
[PlyCount "53"]
[EventDate "2015.09.05"]
[EventType "team-tourn"]
[EventRounds "9"]
[EventCountry "BIH"]
[SourceTitle "EXT 2016"]
[Source "ChessBase"]
[SourceDate "2015.10.08"]
[SourceVersion "1"]
[SourceVersionDate "2015.10.08"]
[SourceQuality "1"]
[WhiteTeam "Sokolac Glasinac"]
[BlackTeam "Sarajevo Napredak"]
[WhiteTeamCountry "BIH"]
[BlackTeamCountry "BIH"]

1. Nf3 Nf6 2. g3 g6 3. b3 Bg7 4. Bg2 0-0 5. Bb2 d6 6. d4 Nbd7 7. 0-0 e5 8. dxe5 Ng4 9. c4 Ngxe5 10. Nxe5 Nxe5 11. Qd2 Rb8 12. Nc3 Be6 13. Rad1 a6 14. Nd5 Re8 15. h3 Nd7 16. e4 Bxd5 17. cxd5 Bxb2 18. Qxb2 Nc5 19. Qd4 a5 20. f4 f6 21. h4 Qe7 22. Rde1 Qg7 23. Bh3 Re7 24. Re3 Rbe8 25. Rfe1 f5 26. e5 dxe5 27. Qxc5 1-0

[Event "BIH-chT 14th"]
[Site "Prijedor"]
[Date "2015.09.08"]
[Round "4.5"]
[White "Kurtcehajic, Suad"]
[Black "Batinic, Predrag"]
[Result "0-1"]
[WhiteElo "2053"]
[BlackElo "2309"]
[PlyCount "80"]
[EventDate "2015.09.05"]
[EventType "team-tourn"]
[EventRounds "9"]
[EventCountry "BIH"]
[SourceTitle "EXT 2016"]
[Source "ChessBase"]
[SourceDate "2015.10.08"]
[SourceVersion "1"]
[SourceVersionDate "2015.10.08"]
[SourceQuality "1"]
[WhiteTeam "Gorazde"]
[BlackTeam "Sokolac Glasinac"]
[WhiteTeamCountry "BIH"]
[BlackTeamCountry "BIH"]

1. e4 d6 2. d4 Nf6 3. Nc3 e5 4. dxe5 dxe5 5. Qxd8+ Kxd8 6. Bg5 Bd6 7. 0-0-0 a6 8. Nd5 Nbd7 9. Nxf6 Nxf6 10. Bc4 Ke7 11. f3 h6 12. Bh4 b5 13. Bb3 a5 14. Ne2 g5 15. Bf2 a4 16. Bd5 Nxd5 17. exd5 f5 18. h4 Bd7 19. Kb1 b4 20. Nc1 f4 21. Nd3 Bf5 22. Nc5 g4 23. Rhe1 g3 24. Bg1 Rhb8 25. Ne4 Ra5 26. Rd3 Rbb5 27. Red1 Kf7 28. Kc1 Kg6 29. c4 bxc3 30. Rxc3 Rxd5 31. Rxd5 Rxd5 32. Nxd6 cxd6 33. Bb6 e4 34. fxe4 Bxe4 35. Rc4 Kf5 36. Rxa4 Bxg2 37. Ra7 f3 38. a4 Kg4 39. a5 f2 40. Rg7+ Kh3 0-1

[Event "BIH-chT 14th"]
[Site "Prijedor"]
[Date "2015.09.07"]
[Round "3.1"]
[White "Kurajica, Bojan"]
[Black "Batinic, Predrag"]
[Result "1-0"]
[WhiteElo "2516"]
[BlackElo "2309"]
[PlyCount "48"]
[EventDate "2015.09.05"]
[EventType "team-tourn"]
[EventRounds "9"]
[EventCountry "BIH"]
[SourceTitle "EXT 2016"]
[Source "ChessBase"]
[SourceDate "2015.10.08"]
[SourceVersion "1"]
[SourceVersionDate "2015.10.08"]
[SourceQuality "1"]
[WhiteTeam "Sarajevo Bosna"]
[BlackTeam "Sokolac Glasinac"]
[WhiteTeamCountry "BIH"]
[BlackTeamCountry "BIH"]

1. Nf3 d5 2. c4 e6 3. g3 Nf6 4. Bg2 Be7 5. 0-0 0-0 6. Qc2 c6 7. d3 b6 8. e4 Bb7 9. e5 Nfd7 10. Re1 Na6 11. a3 b5 12. b4 bxc4 13. dxc4 c5 14. cxd5 Bxd5 15. Nc3 Nc7 16. bxc5 Nxc5 17. Be3 Rc8 18. Rad1 h6 19. Rd4 Qe8 20. Rg4 Kh8 21. Qe2 Rg8 22. Rd1 Ba8 23. Nd2 Bxg2 24. Kxg2 Rd8 1-0

[Event "BIH-chT 13th"]
[Site "Neum"]
[Date "2014.06.14"]
[Round "8.1"]
[White "Kozul, Zdenko"]
[Black "Batinic, Predrag"]
[Result "1-0"]
[WhiteElo "2594"]
[BlackElo "2307"]
[PlyCount "61"]
[EventDate "2014.06.07"]
[EventType "team-tourn"]
[EventRounds "9"]
[EventCountry "BIH"]
[SourceTitle "CBM 160 Extra"]
[Source "ChessBase"]
[SourceDate "2014.07.01"]
[SourceVersion "1"]
[SourceVersionDate "2014.07.01"]
[SourceQuality "1"]
[WhiteTeam "Sarajevo Bosna"]
[BlackTeam "Sokolac"]
[WhiteTeamCountry "BIH"]
[BlackTeamCountry "BIH"]

1. d4 Nf6 2. Nf3 d5 3. c4 e6 4. g3 Be7 5. Bg2 0-0 6. 0-0 c6 7. Qc2 b6 8. Nbd2 Bb7 9. e4 Na6 10. e5 Nd7 11. cxd5 Nb4 12. Qb3 cxd5 13. a3 Nc6 14. Qd3 a5 15. Re1 Ba6 16. Qb3 b5 17. Qd1 a4 18. h4 Na5 19. b4 axb3 20. Nxb3 Nc4 21. Bf1 Bc8 22. Bd3 h6 23. Nh2 f5 24. exf6 Nxf6 25. Bb1 Ne4 26. Qd3 Rf5 27. Re2 h5 28. Nf1 Qf8 29. f4 Bb7 30. Kh2 Rf6 31. Nfd2 1-0

[Event "BIH-chT 12th"]
[Site "Sarajevo"]
[Date "2013.06.18"]
[Round "4.4"]
[White "Batinic, Predrag"]
[Black "Stojanovic, Dobrisav"]
[Result "1/2-1/2"]
[WhiteElo "2312"]
[BlackElo "2361"]
[PlyCount "55"]
[EventDate "2013.06.15"]
[EventType "team-tourn"]
[EventRounds "9"]
[EventCountry "BIH"]
[SourceTitle "CBM 155 Extra"]
[Source "ChessBase"]
[SourceDate "2013.08.26"]
[SourceVersion "1"]
[SourceVersionDate "2013.08.26"]
[SourceQuality "1"]
[WhiteTeam "Sokolac Glasinac"]
[BlackTeam "Prijedor Rudar"]
[WhiteTeamCountry "BIH"]
[BlackTeamCountry "BIH"]

1. Nf3 Nf6 2. g3 b6 3. Bg2 Bb7 4. c4 c5 5. Nc3 e6 6. 0-0 Be7 7. d4 cxd4 8. Qxd4 0-0 9. Rd1 d6 10. b3 Nbd7 11. Ba3 d5 12. Bxe7 Qxe7 13. cxd5 Nxd5 14. Nxd5 Bxd5 15. e4 Bc6 16. Rac1 Nc5 17. b4 Rfd8 18. Qc4 Rxd1+ 19. Rxd1 Ba4 20. Rd2 Nd7 21. b5 Nc5 22. Ne5 Qe8 23. Bf1 Rd8 24. Rxd8 Qxd8 25. Nd3 Nxd3 26. Qxa4 Qd7 27. Bxd3 Qxd3 28. Qxa7 1/2-1/2

[Event "BIH-chT 12th"]
[Site "Sarajevo"]
[Date "2013.06.17"]
[Round "3.2"]
[White "Vukic, Milan"]
[Black "Batinic, Predrag"]
[Result "1/2-1/2"]
[WhiteElo "2388"]
[BlackElo "2312"]
[PlyCount "42"]
[EventDate "2013.06.15"]
[EventType "team-tourn"]
[EventRounds "9"]
[EventCountry "BIH"]
[SourceTitle "CBM 155 Extra"]
[Source "ChessBase"]
[SourceDate "2013.08.26"]
[SourceVersion "1"]
[SourceVersionDate "2013.08.26"]
[SourceQuality "1"]
[WhiteTeam "Siroki Brijeg"]
[BlackTeam "Sokolac Glasinac"]
[WhiteTeamCountry "BIH"]
[BlackTeamCountry "BIH"]

1. Nf3 d5 2. g3 Nf6 3. Bg2 e6 4. 0-0 Be7 5. c4 0-0 6. b3 Nbd7 7. Bb2 c6 8. Qc2 b6 9. d3 Bb7 10. Nbd2 a5 11. a4 Bb4 12. Nb1 Qe7 13. e4 dxe4 14. dxe4 e5 15. Nc3 Rad8 16. Na2 Bd6 17. Rad1 Nc5 18. Rfe1 Qc7 19. Nc1 Rfe8 20. Nd3 Nfd7 21. Nxc5 Nxc5 1/2-1/2